| 000 | 00528nam a2200205Ia 4500 | ||
|---|---|---|---|
| 003 | 0100 | ||
| 008 | 130227s9999 xx 000 0 und d | ||
| 040 | _cARRUPELIB | ||
| 050 | _aJA71.W67 1996 | ||
| 100 | _aWolff, Jonathan | ||
| 245 | 3 | _aAn introduction to political philosophy | |
| 260 | _aOxford | ||
| 260 | _bOxford University Press | ||
| 260 | _C1996 | ||
| 300 | _ax | ||
| 300 | _b 237p. 21cm. | ||
| 650 | _bFriendship--Religious aspects--Christianity--History | ||
| 650 | _cCelibacy--History | ||
| 942 |
_2lcc _012 |
||
| 999 |
_c2202 _d2202 |
||